Mons. Romero, verdadero profeta / (Record no. 172135)

MARC details
000 -LEADER
campo de control de longitud fija 00756nam a2200229 i 4500
001 - NÚMERO DE CONTROL
campo de control 172135
003 - IDENTIFICADOR DE NÚMERO DE CONTROL
campo de control ES-MaACL
005 - FECHA Y HORA DE LA ÚLTIMA TRANSACCIÓN
campo de control 20250831024209.0
008 - DATOS DE LONGITUD FIJA--INFORMACIÓN GENERAL
campo de control de longitud fija 090616s1982 sp |||| |bspa d
080 ## - NÚMERO DE LA CLASIFICACIÓN DECIMAL UNIVERSAL
Número de la Clasificación Decimal Universal 929 Romero, Óscar Arnulfo, Arzobispo de San Salvador
080 ## - NÚMERO DE LA CLASIFICACIÓN DECIMAL UNIVERSAL
Número de la Clasificación Decimal Universal 322(728.4)"19"
100 1# - ENTRADA PRINCIPAL--NOMBRE DE PERSONA
Nombre de persona Sobrino, Jon.
9 (RLIN) 107003
245 10 - MENCIÓN DEL TÍTULO
Título Mons. Romero, verdadero profeta /
Mención de responsabilidad, etc. Jon Sobrino.
260 ## - PUBLICACIÓN, DISTRIBUCIÓN, ETC.
Lugar de publicación, distribución, etc. Bilbao :
Nombre del editor, distribuidor, etc. Desclée de Brouwer,
Fecha de publicación, distribución, etc. [1982]
300 ## - DESCRIPCIÓN FÍSICA
Extensión 140 p. ;
Dimensiones 21 cm.
490 1# - MENCIÓN DE SERIE
Mención de serie Tercer mundo / Tercera iglesia ;
Designación de volumen o secuencia 12
600 14 - PUNTO DE ACCESO ADICIONAL DE MATERIA--NOMBRE DE PERSONA
Nombre de persona Romero, Óscar A.
9 (RLIN) 140707
650 17 - PUNTO DE ACCESO ADICIONAL DE MATERIA--TÉRMINO DE MATERIA
Término de materia o nombre geográfico como elemento de entrada Iglesia y Estado-
Subdivisión geográfica El Salvador
Fuente del encabezamiento o término
9 (RLIN) 140710
830 0# - PUNTO DE ACCESO ADICIONAL DE SERIE-TÍTULO UNIFORME
Título uniforme Tercer mundo / Tercera iglesia ;
Designación de volumen o secuencia 12
9 (RLIN) 223252
852 ## - LOCALIZACIÓN
Ubicación ES-MaACL
Número de control de estantería L-1668
Holdings
Estatus retirado Estado de pérdida Estado de daño No para préstamo Biblioteca de origen Biblioteca actual Ubicación en estantería Fecha de adquisición Fuente de adquisición Total de préstamos Signatura topográfica completa Código de barras Visto por última vez Precio de reemplazo Tipo de ítem Koha
        Biblioteca del Ateneo de Madrid Biblioteca del Ateneo de Madrid Depósito 2 16/06/2009     L-1668 1180642 23/02/2023 23/02/2023 Libro impreso